| 000 | 00894cam a2200265 a 4500 | ||
|---|---|---|---|
| 001 | 000007450 | ||
| 003 | DO-SdBNP | ||
| 005 | 20251028135905.0 | ||
| 008 | 980228s1996 ve b s001 0 spa | ||
| 020 | _a9806350278 | ||
| 035 | _a(DLC) 98121053 | ||
| 040 |
_aDO-SdBNP _cDLC _dDLC _dBNPHU |
||
| 049 | _aBNGR | ||
| 082 |
_a987.13 _bR696t |
||
| 100 | 1 |
_aRodríguez, Carlos César, _d1922- _920715 |
|
| 245 | 1 | 0 |
_aTestimonios merideños / _cCarlos César Rodríguez. |
| 260 |
_aVenezuela : _bVicerrectorado Académico de la Universidad de Los Andes : _bDirección de Cultura del Estado Mérida, _c1996. |
||
| 300 |
_a394 p. ; _c23 cm. |
||
| 490 | 1 | _aSolar de clásicos merideños | |
| 504 | _aBibliografía: (p. 377-382). | ||
| 651 | 4 |
_aMérida (Venezuela) _xHistoria _920716 |
|
| 830 | 0 |
_aSolar de clásicos merideños. _920717 |
|
| 910 | _aCatalogación por copia / LC | ||
| 942 |
_2ddc _cLBS1 |
||
| 999 |
_c7231 _d7231 |
||